| 000 | 00628nam a2200205 a 4500 | ||
|---|---|---|---|
| 999 |
_c3389 _d3389 |
||
| 001 | 3389 | ||
| 003 | BD-JhCC | ||
| 005 | 20171113175335.0 | ||
| 008 | 171113s1992 bg a|||| |||| 000 0 ben d | ||
| 035 | _a(BD-JhCC) | ||
| 040 |
_aBD-JhCC _dBD-JhCC |
||
| 041 | _aben | ||
| 082 |
_a891.442 _bHUM 1992 |
||
| 100 | _aহুমায়ুন, রাজীব | ||
| 245 |
_aনাটক রচনা : রূপ ও রীতি / _cরাজীব হুমায়ুন |
||
| 260 |
_aঢাকা : _bবাংলা একাডেমী ; _c১৯৯২ |
||
| 300 |
_a68 p.; _c22 cm |
||
| 650 | _aBengali drama | ||
| 942 |
_2ddc _cBK |
||